Essentials of business environment / (Record no. 97672)

MARC details
000 -LEADER
fixed length control field 00545nam a22001937a 4500
005 - DATE AND TIME OF LATEST TRANSACTION
control field 20151203103623.0
010 ## - LCCN (DPL NO)
LC control number ENG-114230
020 ## - INTERNATIONAL STANDARD BOOK NUMBER
International Standard Book Number 8180549976
Terms of availability 200.00
020 ## - INTERNATIONAL STANDARD BOOK NUMBER
International Standard Book Number 9788180549977
Terms of availability 200.00
035 ## - SYSTEM CONTROL NUMBER
System control number EN-97762
037 ## - SOURCE OF ACQUISITION
Source of stock number/acquisition DBAD/PUB
082 ## - DEWEY DECIMAL CLASSIFICATION NUMBER
Classification number 650
100 ## - MAIN ENTRY--PERSONAL NAME
Personal name Gupta, C.B.
245 ## - TITLE STATEMENT
Title Essentials of business environment /
Statement of responsibility, etc by C. B. Gupta
260 ## - PUBLICATION, DISTRIBUTION, ETC. (IMPRINT)
Place of publication, distribution, etc New Delhi
Name of publisher, distributor, etc Sultan Chand
Date of publication, distribution, etc 2014
270 ## - ADDRESS
Address 23, Daryaganj
City New Delhi
Postal code 110002
300 ## - PHYSICAL DESCRIPTION
Extent various pagings
Dimensions 25cm(pbk)
942 ## - ADDED ENTRY ELEMENTS (KOHA)
Source of classification or shelving scheme Dewey Decimal Classification
Item type English Books
Call number suffix GUP
Classification part 650
Holdings
Withdrawn status Lost status Not for loan Collection code Home library Current library Date acquired Source of acquisition Cost, normal purchase price Full call number Barcode Copy number Cost, replacement price Koha item type
    Not For Loan Non-fiction D.B.Act.Division D.B.Act.Division 06/10/2015 DBAD/PUB 200.00 650 GUP EN-97762 1 200.00 English Books

© Delhi Public Library
Hit Counter
free hit counter